00824nam a2200253 a 450000100060000000300080000600500170001400800410003103500190007203500140009104000270010504100080013208200240014010000340016424500950019826001000029330000180039349000390041150500220045065000380047265000250051070000150053570000200055019304BD-RjUL20211209000419.0140223m19661910enk 000 1 eng d a(BD-RjUL)19362 a(BD-RjUL) aANLbengcANLdBD-RjUL aeng04a821.3219bSPF 19661 aSpenser, Edmund,d1552?-1599.14aThe Faerie queene /cEdmund Spenser ; Introduction and notes by J.W. Hales, H. M. Percival aNew York;aLondon :bEveryman's library ,bMacmillan & co ltd.c1893,1910 [reprinted 1964,1966] a v. ;c19 cm. aEveryman's library, vno. 443-444. aVol. 1.-- V. 2.-- a Knights and knighthood v Poetry aEpic poetry, English aHall, J.W. a H. M. Percival